00666nam a22001937a 450000500170000000800410001702000150005805000190007310000230009224500580011525000110017326001150018430000270029949000450032650000240037165000170039565000300041265000300044220210615114846.0210615b fr ||||| |||| 00| 0 spa d a923303385604aZ278bG37 18871 aGarzón, Álvaro13aLa política nacional del libroc/ Álvaro Garzón a1a ed. aFrancia :bEdiciones Organización de las Naciones Unidas para la Educación, la Ciencia y la Cultura,c1997 a92 p. :bil. ;c18 cm.0 aLa biblioteca de formación profesional aIncluye apéndices7 2lembaLibros7 2lembaIndustria editorial7 2lembaIndustria del libro